| 000 | 02271nam a2200385 i 4500 | ||
|---|---|---|---|
| 001 | 195533 | ||
| 003 | SpMaBN | ||
| 005 | 20250822030026.0 | ||
| 008 | 240619s1999 sp | ||| ||spa | ||
| 016 | 7 |
_abimoBNE20001421301 _2SpMaBN |
|
| 017 |
_aM 33150-1999 _bOficina Depósito Legal Madrid |
||
| 020 | _a8473562089 | ||
| 035 | _a(OCoLC)42999129 | ||
| 040 |
_aSpMaBN _bspa _cSpMaBN _erdc _dES-MaACL |
||
| 080 | _a65.015 | ||
| 080 | _a613.731 | ||
| 100 | 1 |
_aAcosta Vera, José María _0XX870197 _9237151 _eaut |
|
| 245 | 1 | 0 |
_aGestión eficaz del tiempo y control del estrés / _cJosé Mª Acosta Vera |
| 260 |
_aPozuelo de Alarcón (Madrid) : _bESIC, _c1999. |
||
| 300 |
_a157 páginas ; _c24 cm |
||
| 336 |
_2rdacontent _atexto |
||
| 337 |
_2rdamedia _asin mediación |
||
| 338 |
_2rdacarrier _avolumen |
||
| 520 | _aGestionar el tiempo es gestionar la propia vida Si tiene problemas de tiempo, si necesita mejorar su eficacia profesional, esta obra le será de gran utilidad. Recoge y sintetiza, de modo claro y ameno, lo más nuevo en eficacia directiva y manejo del tiempo. El objetivo de este libro es proporcionarle mayor calidad de trabajo y de vida, facilitándole: Ganar dos horas en cada jornada. Manejar el estrés en su beneficio. El éxito y la felicidad se alcanzan sólo con el logro de los objetivos personales. Estos objetivos requieren, para ser alcanzados, la realización de determinadas actividades. Y cada una de estas actividades exige tiempo. Pero no es fácil elegir en el mundo de hoy. Las presiones que nos rodean facilitan comportamientos que no nos benefician. Disminuye nuestra eficacia y aparece el estrés. En el camino de la eficacia surgen multitud de obstáculos. | ||
| 650 | 4 |
_aEmpleo del tiempo _2embne _912205 |
|
| 650 | 7 |
_aEstrés (Psicología) _2embne _9167275 |
|
| 852 |
_aES-MaACL _cDEPOJ _jN-10040 _hDonación: Helena de la Joya _xEncuadernación rústica _9206187 |
||
| 903 |
_aJoya, Helena de la _ednr |
||
| 942 |
_cMONOGRAFIA _n0 |
||
| 999 |
_c195533 _d195533 |
||